Ecology: a bridge between science and society

Saved in:
書目詳細資料
主要作者: Odum, Eugene P. (Author)
格式: 圖書
語言:英语
出版: Sunderland Sinauer Associates 1996
主題:
標簽: 添加標簽
沒有標簽, 成為第一個標記此記錄!

MARC

LEADER 00000nam a2200000 a 4500
001 UCP1203
003 CL-VaPUC
008 990401e19960000us |||||||||||||||||eng|d
082 0 4 |a 577  |b ODU  |2 21 
100 |a Odum, Eugene P.  |e author  |9 539456 
245 1 0 |a Ecology: a bridge between science and society 
300 |a 331 p 
942 |c BK 
945 |d 19990401 00:00:00  |a rbrito 
260 |a Sunderland  |b Sinauer Associates  |c 1996 
650 0 |a Ecología   |9 258124 
650 0 |a Ecosistemas  |9 261477 
650 7 |a EFECTOS AMBIENTALES  |2 CL-VaPUC  |9 346683 
650 0 |a Gestión ambiental   |9 338121 
999 |c 279910  |d 279908 
583 |k Rodrigo Vera